<?xml version="1.0" encoding="UTF-8"?>
<record
    xmlns:xsi="http://www.w3.org/2001/XMLSchema-instance"
    xsi:schemaLocation="http://www.loc.gov/MARC21/slim http://www.loc.gov/standards/marcxml/schema/MARC21slim.xsd"
    xmlns="http://www.loc.gov/MARC21/slim">

  <leader>00635    a2200193   4500</leader>
  <controlfield tag="001">130594</controlfield>
  <datafield tag="020" ind1=" " ind2=" ">
    <subfield code="a">85-02-01627-X</subfield>
  </datafield>
  <datafield tag="040" ind1=" " ind2=" ">
    <subfield code="c">Leonardo Da Vinci</subfield>
  </datafield>
  <datafield tag="041" ind1=" " ind2=" ">
    <subfield code="a">Portugu&#xEA;s</subfield>
  </datafield>
  <datafield tag="082" ind1=" " ind2=" ">
    <subfield code="a">347.01 C291t</subfield>
    <subfield code="b">C291t</subfield>
  </datafield>
  <datafield tag="100" ind1=" " ind2=" ">
    <subfield code="a">CARNEIRO, Waldir de Arruda Miranda</subfield>
  </datafield>
  <datafield tag="245" ind1=" " ind2=" ">
    <subfield code="a">Teoria e pr&#xE1;tica da a&#xE7;&#xE3;o revisional de aluguel</subfield>
    <subfield code="b">Lei n. 8.245, de 18 de outubro de 1991</subfield>
  </datafield>
  <datafield tag="250" ind1=" " ind2=" ">
    <subfield code="a">2.ed</subfield>
  </datafield>
  <datafield tag="260" ind1=" " ind2=" ">
    <subfield code="b">Saraiva</subfield>
    <subfield code="c">1996</subfield>
    <subfield code="a">S&#xE3;o Paulo</subfield>
  </datafield>
  <datafield tag="300" ind1=" " ind2=" ">
    <subfield code="a">308</subfield>
  </datafield>
  <datafield tag="362" ind1=" " ind2=" ">
    <subfield code="a">19960000</subfield>
  </datafield>
  <datafield tag="697" ind1=" " ind2=" ">
    <subfield code="a">Direito Civil</subfield>
    <subfield code="a">Jurisprud&#xEA;ncia</subfield>
    <subfield code="a">Leis</subfield>
    <subfield code="a">Legisla&#xE7;&#xE3;o</subfield>
    <subfield code="a">Inquilinato</subfield>
    <subfield code="a">Loca&#xE7;&#xE3;o</subfield>
    <subfield code="a">Fundo de com&#xE9;rcio</subfield>
    <subfield code="a">Despejo</subfield>
    <subfield code="a">Aquisi&#xE7;&#xE3;o</subfield>
    <subfield code="a">Brasil</subfield>
    <subfield code="a">FIPEN</subfield>
  </datafield>
  <datafield tag="942" ind1=" " ind2=" ">
    <subfield code="c">BK</subfield>
  </datafield>
  <datafield tag="952" ind1=" " ind2=" ">
    <subfield code="0">0</subfield>
    <subfield code="1">0</subfield>
    <subfield code="4">0</subfield>
    <subfield code="7">0</subfield>
    <subfield code="a">71.1</subfield>
    <subfield code="b">71.1</subfield>
    <subfield code="d">2024-03-27</subfield>
    <subfield code="l">0</subfield>
    <subfield code="o">347.01 C291t</subfield>
    <subfield code="p">O000324</subfield>
    <subfield code="r">2024-03-27 22:29:55</subfield>
    <subfield code="w">2024-03-27</subfield>
    <subfield code="y">BK</subfield>
  </datafield>
  <datafield tag="999" ind1=" " ind2=" ">
    <subfield code="c">130594</subfield>
    <subfield code="d">130594</subfield>
  </datafield>
</record>
